Quiz o Szpaku - Statystyki

Ogólne statystyki
  • Ten quiz został rozwiązany 267 razy
  • Średni wynik to 7 z 12
Statystyki odpowiedzi
Hint Odpowiedź % Poprawnych
Czy Szpaku to sigma i goat ? Tak
90%
W którym roku nagrał pierwszy numer ? 2015
88%
W jakim mieście się urodził ? Morąg
88%
Najpopularniejszy numer na Spotify ? Hinata
82%
Z kim ma najwięcej wspólnych numerów ? Paluch | Kizo
76%
Najpopularniejszy numer na Youtube ? #Hot16Challenge2
72%
Jak się nazywał pierwszy mixtape ? Młody Simba
54%
Jak nazywa się pierwszy numer ? Zachcianki
47%
Pierwsza wytwórnia do której należał ? Alcomindz
43%
Pierwszy numer, który zyskał sukces ? GUMMO
16%
Jaki status ma Atypowy / Ile razy się sprzedał ? 4 x platyna | 120 000+
7%
Najmniej popularny numer na Spotify ? MOI LUDZIE TANCZOM Z TRUMNOM
1%
Nie znaleziono quizów pasujących do podanych kryteriów
Rozkład punktacji
Procent ludzi z każdym wynikiem
Percentyl według liczby udzielonych odpowiedzi
Twoja historia wyników
Nie rozwiązałeś tego quizu